000 00420nam a2200157Ia 4500
008 221030s9999 xx 000 0 und d
020 _a0078821800
041 _aEnglish
082 _a105.23
_bMul
100 _aR. J. Muller
245 0 _aOracle Developer/ 2000 Handbook ( DEPARTMENTAL )
_cby R. J. Muller
260 _bMcGraw - Hill Pub.
_aNew Delhi
_c1996
300 _a446
650 _aCSE Departmental
942 _cBK
999 _c1616
_d1616